000 00249nam a22001217a 4500
040 _cHS
082 _a531
100 _aNA
245 _aPrincipes et methodes de la vulgarisation agricole
260 _aAIP
_bNA
_c1985
300 _a178p;
942 _cFB
999 _c9501
_d9501